[Event "Marianske Lazne op 11th"]
[Site "Marianske Lazne"]
[Date "2012.01.23"]
[Round "3"]
[White "Fox, Anthony"]
[Black "Bielczyk, Jacek"]
[Result "1/2-1/2"]
[WhiteElo "2077"]
[BlackElo "2296"]
[PlyCount "28"]
[EventDate "2012.01.21"]
[EventType "swiss"]
[EventRounds "9"]
[EventCountry "CZE"]
[SourceTitle "CBM 146 Extra"]
[Source "ChessBase"]
[SourceDate "2012.02.29"]
[SourceVersion "1"]
[SourceVersionDate "2012.02.29"]
[SourceQuality "1"]

1. e4 c5 2. Nc3 Nc6 3. Bb5 e6 4. Bxc6 bxc6 5. d3 d5 6. Nf3 Nf6 7. 0-0 Be7 8. b3 0-0 9. Bb2 Ba6 10. Re1 Rb8 11. Na4 c4 12. Be5 Rc8 13. exd5 cxd5 14. Qd2 Nd7 1/2-1/2

[Event "POL-ch Teachers"]
[Site "Krakow"]
[Date "2010.06.05"]
[Round "8.2"]
[White "Wlodarczyk, Oskar"]
[Black "Bielczyk, Jacek"]
[Result "1/2-1/2"]
[WhiteElo "2328"]
[BlackElo "2301"]
[PlyCount "63"]
[EventDate "2010.06.03"]
[EventType "swiss"]
[EventRounds "9"]
[EventCountry "POL"]
[SourceTitle "EXT 2023"]
[Source "ChessBase"]
[SourceDate "2022.10.05"]
[SourceVersion "1"]
[SourceVersionDate "2022.10.05"]
[SourceQuality "1"]

1. e4 c6 2. c4 e5 3. Nf3 d6 4. d4 Nd7 5. g3 Ngf6 6. Nc3 g6 7. dxe5 dxe5 8. Bg2 Qe7 9. 0-0 Bg7 10. Rb1 a5 11. a3 0-0 12. b4 axb4 13. axb4 Ne8 14. Qb3 Nc7 15. b5 Ne6 16. Rd1 Nd4 17. Nxd4 exd4 18. Ne2 cxb5 19. Qxb5 Ne5 20. Nxd4 Rd8 21. Bf4 Bg4 22. Rd2 Rac8 23. Bxe5 Bxe5 24. Nf3 Rxd2 25. Nxd2 Rc7 26. Nf1 Bd4 27. e5 Qxe5 28. Qxe5 Bxe5 29. Ne3 Bc8 30. Nd5 Rxc4 31. Nb6 Rc5 32. Nxc8 1/2-1/2

[Event "POL-ch Teachers"]
[Site "Krakow"]
[Date "2010.06.03"]
[Round "2.2"]
[White "Garbowska, Hanna"]
[Black "Bielczyk, Jacek"]
[Result "1/2-1/2"]
[WhiteElo "2036"]
[BlackElo "2301"]
[PlyCount "37"]
[EventDate "2010.06.03"]
[EventType "swiss"]
[EventRounds "9"]
[EventCountry "POL"]
[SourceTitle "EXT 2023"]
[Source "ChessBase"]
[SourceDate "2022.10.05"]
[SourceVersion "1"]
[SourceVersionDate "2022.10.05"]
[SourceQuality "1"]

1. e4 c5 2. Nf3 Nc6 3. d4 cxd4 4. Nxd4 Nf6 5. Nc3 d6 6. Be2 e5 7. Nb3 Be7 8. 0-0 0-0 9. Kh1 a5 10. a4 Nb4 11. f4 Be6 12. f5 Bd7 13. Bg5 Bc6 14. Bxf6 Bxf6 15. Nd5 Bxd5 16. exd5 Qb6 17. c3 Na6 18. Bxa6 Qxa6 19. Qg4 1/2-1/2

[Event "Marianske Lazne IM-A"]
[Site "Marianske Lazne"]
[Date "2010.01.22"]
[Round "8"]
[White "Bielczyk, Jacek"]
[Black "Rosko, Lubos"]
[Result "1-0"]
[WhiteElo "2299"]
[BlackElo "2306"]
[PlyCount "49"]
[EventDate "2010.01.16"]
[EventType "tourn"]
[EventRounds "9"]
[EventCountry "CZE"]
[EventCategory "2"]
[SourceTitle "CBM 134 Extra"]
[Source "ChessBase"]
[SourceDate "2010.03.03"]
[SourceVersion "1"]
[SourceVersionDate "2010.03.03"]
[SourceQuality "1"]

1. e4 c5 2. Nf3 d6 3. d4 cxd4 4. Nxd4 Nf6 5. Nc3 a6 6. f4 e5 7. Nf3 Nbd7 8. a4 Be7 9. Bd3 0-0 10. 0-0 b6 11. Kh1 Bb7 12. Bd2 Re8 13. Qe2 exf4 14. Bxf4 Nc5 15. Nd4 g6 16. Qf3 Nxd3 17. cxd3 Nd7 18. Nd5 Bxd5 19. exd5 Bf8 20. Bg3 Ne5 21. Bxe5 dxe5 22. Qxf7+ Kh8 23. Ne6 Qxd5 24. Qf6+ Kg8 25. Nc7 1-0

[Event "Marianske Lazne IM-A"]
[Site "Marianske Lazne"]
[Date "2010.01.19"]
[Round "5"]
[White "Novotny, Michal"]
[Black "Bielczyk, Jacek"]
[Result "1/2-1/2"]
[WhiteElo "2292"]
[BlackElo "2299"]
[PlyCount "109"]
[EventDate "2010.01.16"]
[EventType "tourn"]
[EventRounds "9"]
[EventCountry "CZE"]
[EventCategory "2"]
[SourceTitle "CBM 134 Extra"]
[Source "ChessBase"]
[SourceDate "2010.03.03"]
[SourceVersion "1"]
[SourceVersionDate "2010.03.03"]
[SourceQuality "1"]

1. e4 c5 2. d4 cxd4 3. c3 dxc3 4. Nxc3 Nc6 5. Nf3 e6 6. Bc4 a6 7. 0-0 Nge7 8. Qe2 Ng6 9. Rd1 Be7 10. Be3 b5 11. Bb3 0-0 12. Rac1 Na5 13. Nd4 Bg5 14. e5 Bxe3 15. Qxe3 Nxb3 16. Nxb3 f6 17. Nc5 Qe7 18. exf6 gxf6 19. b4 f5 20. Qd4 Rf7 21. Qd6 Qxd6 22. Rxd6 Ne5 23. a4 Nc4 24. Rd4 e5 25. Rh4 d6 26. axb5 axb5 27. Nxb5 e4 28. Nb3 Bd7 29. N5d4 Ne5 30. Rh6 Ng6 31. Rh3 Rb8 32. b5 Bxb5 33. Nxb5 Rxb5 34. Nd4 Rc7 35. Ra1 Ra7 36. Rc1 Rc5 37. Rb1 Rd5 38. Ne6 Rda5 39. Rhb3 Ra1 40. g4 Rxb1+ 41. Rxb1 fxg4 42. Rb8+ Kf7 43. Ng5+ Kg7 44. Nxe4 Nf4 45. h4 d5 46. Nd6 Ra2 47. Kh2 h5 48. Kg3 Ne2+ 49. Kg2 Nf4+ 50. Kg3 Nd3 51. Nf5+ Kh7 52. Rb7+ Kg6 53. Ne7+ Kh6 54. Nf5+ Kg6 55. Ne7+ 1/2-1/2

[Event "Marianske Lazne op"]
[Site "Marianske Lazne"]
[Date "2009.01.20"]
[Round "4"]
[White "Bielczyk, Jacek"]
[Black "Kashin, Yury"]
[Result "1-0"]
[WhiteElo "2317"]
[BlackElo "2085"]
[PlyCount "59"]
[EventDate "2009.01.17"]
[EventType "swiss"]
[EventRounds "9"]
[EventCountry "CZE"]
[SourceTitle "CBM 128 Extra"]
[Source "ChessBase"]
[SourceDate "2009.03.05"]
[SourceVersion "2"]
[SourceVersionDate "2009.03.25"]
[SourceQuality "1"]

1. e4 e6 2. d4 d5 3. Nc3 Bb4 4. Nge2 f5 5. exf5 exf5 6. a3 Be7 7. Bf4 Nf6 8. Qd3 0-0 9. f3 c6 10. 0-0-0 b5 11. h3 Nh5 12. Be5 Nd7 13. g4 Nxe5 14. dxe5 Bg5+ 15. Kb1 Nf4 16. Nxf4 Bxf4 17. Qd4 fxg4 18. hxg4 Qb6 19. Ne2 Be3 20. Qd3 g6 21. f4 Bxg4 22. Bh3 Bxe2 23. Be6+ Kg7 24. Qxe2 Rxf4 25. Rxh7+ Kxh7 26. Qh2+ Kg7 27. Rh1 Kf8 28. Qh7 Re8 29. Qg8+ Ke7 30. Rh7+ 1-0

[Event "Cappelle op 24th"]
[Site "Cappelle la Grande"]
[Date "2008.02.22"]
[Round "8"]
[White "Bielczyk, Jacek"]
[Black "Zinchenko, Yaroslav"]
[Result "0-1"]
[WhiteElo "2326"]
[BlackElo "2516"]
[PlyCount "52"]
[EventDate "2008.02.16"]
[EventType "swiss"]
[EventRounds "9"]
[EventCountry "FRA"]
[SourceTitle "CBM 122 Extra"]
[Source "ChessBase"]
[SourceDate "2008.03.04"]
[SourceVersion "1"]
[SourceVersionDate "2008.03.04"]
[SourceQuality "1"]

1. e4 c5 2. Nf3 d6 3. d4 cxd4 4. Nxd4 Nf6 5. Nc3 Nc6 6. Be2 e5 7. Nxc6 bxc6 8. Qd3 Be7 9. Qg3 0-0 10. 0-0 Nd7 11. Rd1 Qc7 12. b3 Rd8 13. Kh1 Nf8 14. f4 exf4 15. Bxf4 Ne6 16. Bc1 Bf6 17. Bb2 Be5 18. Qf2 Qe7 19. Na4 Bxb2 20. Nxb2 Nc5 21. Bf3 Nxe4 22. Bxe4 Qxe4 23. Rxd6 Rxd6 24. Re1 Bf5 25. Rxe4 Bxe4 26. Qf4 Rf6 0-1

[Event "POL-chT 2nd League"]
[Site "Lublin"]
[Date "2006.09.10"]
[Round "9.19"]
[White "Bielczyk, Jacek"]
[Black "Zawadzki, Stanislaw"]
[Result "0-1"]
[WhiteElo "2348"]
[BlackElo "2397"]
[PlyCount "76"]
[EventDate "2006.09.02"]
[EventType "team-swiss"]
[EventRounds "9"]
[EventCountry "POL"]
[SourceTitle "EXT 2019"]
[Source "ChessBase"]
[SourceDate "2018.10.10"]
[SourceVersion "1"]
[SourceVersionDate "2018.10.10"]
[SourceQuality "1"]
[WhiteTeam "Szopienice HetMaN II"]
[BlackTeam "Legnica Miedz"]
[WhiteTeamCountry "POL"]
[BlackTeamCountry "POL"]

1. e4 c5 2. Nf3 Nc6 3. Nc3 d6 4. d4 cxd4 5. Nxd4 Nf6 6. Be2 g6 7. Nb3 Bg7 8. 0-0 0-0 9. Bg5 Be6 10. f4 Qc8 11. Bf3 Rd8 12. Nd5 Bxd5 13. exd5 Nb8 14. c3 Re8 15. Kh1 Nbd7 16. Qd3 Qc7 17. Rfe1 Rac8 18. Rad1 Qc4 19. Qxc4 Rxc4 20. Rd4 Rxd4 21. Nxd4 Kf8 22. Rd1 Rc8 23. Ne2 Nc5 24. Bh4 a5 25. Bf2 Nfe4 26. Be3 f5 27. Kg1 a4 28. Bd4 Ra8 29. Bxg7+ Kxg7 30. Rd4 Ra5 31. Rb4 Nd2 32. Nd4 Nxf3+ 33. Nxf3 Kf6 34. g3 a3 35. b3 Ne4 36. Rxb7 Nxc3 37. b4 Rxd5 38. Ng5 h6 0-1

[Event "POL-chT 60th 1st League"]
[Site "Ustron"]
[Date "2004.09.12"]
[Round "9"]
[White "Orzech, Dominik"]
[Black "Bielczyk, Jacek"]
[Result "1/2-1/2"]
[WhiteElo "2370"]
[BlackElo "2340"]
[PlyCount "47"]
[EventDate "2004.09.04"]
[EventType "team-tourn"]
[EventRounds "9"]
[EventCountry "POL"]
[SourceTitle "EXT 2007"]
[Source "ChessBase"]
[SourceDate "2006.11.23"]
[SourceVersion "1"]
[SourceVersionDate "2006.11.23"]
[SourceQuality "1"]
[WhiteTeam "Kozuchow Odrodzenie"]
[BlackTeam "Szopienice HetMaN"]
[WhiteTeamCountry "POL"]
[BlackTeamCountry "POL"]

1. d4 d6 2. Nf3 g6 3. g3 Bg7 4. Bg2 Nd7 5. 0-0 e5 6. c4 Ne7 7. Nc3 0-0 8. Rb1 exd4 9. Nxd4 Nb6 10. Qd3 d5 11. cxd5 Nexd5 12. Nxd5 Nxd5 13. Rd1 Nb4 14. Qc4 Bf5 15. e4 Bg4 16. f3 Nc6 17. Be3 Bxd4 18. Bxd4 Be6 19. Qc3 Nxd4 20. Rxd4 Qe7 21. Rbd1 Rfd8 22. a3 Rxd4 23. Rxd4 c5 24. Rd1 1/2-1/2